000 00293nam a22001217a 4500
082 _a823
_bCLA/P
100 _aCLASSIC BOOKS
245 _aTHE PIED PIPER OF HAMELIN
260 _aDELHI
_bCLASSIC BOOKS INTERNATIONAL
_c2003
300 _a208
650 _aCHILDRENS ILLUSTRATED CLASSICS
942 _cBK
999 _c284
_d284